000 00496nam a22001577a 4500
003 macl
005 20181018153401.0
008 181018b xxu||||| |||| 00| 0 eng d
040 _cmacl
082 _a891.433/S/NAN
100 _aदेवी, नागरानी
_971924
245 _aदर्द की एक गाथा
260 _aविजनौर
_bहिन्‍दी साहित्‍य निकेतन
_c2016
650 _aकहानी
_973074
942 _2ddc
_cHIN
999 _c58465
_d58465